[Event "Match"]
[Site "www.echecsemail.com"]
[Date "2018.09.16"]
[Round "1"]
[White "Chapi"]
[Black "Apdash"]
[WhiteElo "2110"]
[BlackElo "2170"]
[Result "1-0"]
[Round "1"]
1.d4 d5
2.c4 e6
3.cxd5 Qd8xd5
4.Nb1c3 Qd5d8
5.e4 c5
6.Ng1f3 cxd4
7.Qd1xd4 Qd8xd4
8.Nf3xd4 a6
9.Bf1e2 Bf8b4
10.Bc1d2 Ng8f6
11.e5 Bb4xc3
12.Bd2xc3 Nf6d5
13.Bc3d2 Nb8d7
14.f4 O-O
15.O-O Nd7c5
16.Be2f3 Rf8d8
17.Nd4c2 f6
18.exf6 gxf6
19.Nc2b4 Nd5xb4
20.Bd2xb4 Nc5d3
21.Ra1d1 Rd8d7
22.Bb4c3 Nd3xf4
23.Rd1xd7 Bc8xd7
24.Bf3xb7 Ra8a7
25.Rf1xf4 Ra7xb7
26.Bc3xf6 Bd7c6
27.Rf4f2 Bc6d5
28.a3 h6
29.Rf2f4 Rb7c7
30.Rf4g4 Kh7
31.Bf6e5 Rc7f7
32.Rg4a4 Rf7a7
33.g4 Kg6
34.h4 Bd5f3
35.Kf2 Bf3d1
36.Ra4f4 Ra7f7
37.h5 { resign }
1-0

[Event "Fast Game"]
[Site "www.echecsemail.com"]
[Date "2018.09.16"]
[Round "1"]
[White "Apdash"]
[Black "Add"]
[WhiteElo "1880"]
[BlackElo "1869"]
[Result "1/2-1/2"]
[Round "1"]
1.e4 d5
2.exd5 Qd8xd5
3.Nb1c3 Qd5e5
4.Qd1e2 Qe5xe2
5.Bf1xe2 c6
6.Ng1f3 Bc8f5
7.d3 h6
8.Bc1e3 Ng8f6
9.O-O-O Nb8d7
10.h3 e5
11.g4 Bf5e6
12.g5 hxg5
13.Nf3xg5 Be6f5
14.f4 Nf6h5
15.Be2xh5 Rh8xh5
16.fxe5 Nd7xe5
17.Be3f4 Bf8e7
18.h4 Ne5g6
19.Bf4d2 f6
20.Rd1f1 Bf5d7
21.Ng5f3 O-O-O
22.Rf1g1 Bd7e8
23.Nc3e4 Be8f7
24.Rh1h3 Be7f8
25.Ne4g3 Rh5h7
26.h5 Ng6e7
27.Bd2b4 Ne7d5
28.Bb4xf8 Rd8xf8
29.Rg1h1 Bf7e6
30.Rh3h2 Be6g4
31.Nf3d4 Rf8e8
32.Ng3f5 Kc7
33.Rh2h4 Bg4xf5
34.Nd4xf5 Nd5e3
35.Nf5xe3 Re8xe3
36.Kd2 Re3g3
37.Rh1h2 Rg3g5
38.c4 c5
39.Kc3 a5
40.a3 Kc6
41.Rh2h3 b5
42.b4 axb4
43.axb4 bxc4
44.dxc4 cxb4
45.Kxb4 Rg5e5
46.Kc3 Kc5
47.Kb3 Re5e6
48.Rh3d3 g5
49.Rh4h1 Rh7h6
50.Rd3d5 Kc6
51.Rh1a1 Kb7
52.Ra1h1 Re6e5
53.Rd5d6 Re5f5
54.Kb4 g4
55.c5 Rh6xh5
56.Rh1xh5 Rf5xh5
57.Rd6xf6 Rh5g5
58.Kb5 Rg5g7
59.Rf6b6 Kc8
60.Rb6h6 g3
61.Kc6 Rg7c7
62.Kb6 Rc7b7
{ draw }
1/2-1/2

[Event "Fast Game"]
[Site "www.echecsemail.com"]
[Date "2018.09.16"]
[Round "1"]
[White "Zack1984"]
[Black "Apdash"]
[WhiteElo "1700"]
[BlackElo "1910"]
[Result "1-0"]
[Round "1"]
1.b4 e6
2.Bc1b2 Ng8f6
3.a3 c5
4.bxc5 Bf8xc5
5.d4 Bc5b6
6.e3 O-O
7.Ng1f3 d6
8.c4 Nf6e4
9.Bf1d3 Bb6a5
10.Nb1d2 Ne4xd2
11.Nf3xd2 Qd8g5
12.O-O e5
13.Nd2f3 Qg5e7
14.dxe5 dxe5
15.Bb2xe5 Nb8c6
16.Be5d6 Qe7f6
17.Bd3xh7 Kxh7
18.Bd6xf8 Bc8g4
19.Bf8b4 Ba5xb4
20.axb4 Nc6e5
21.Qd1c2 Bg4f5
22.e4 Ne5xf3
23.gxf3 Qf6g5
24.Kh1 Qg5f4
25.Qc2c3 Bf5h3
26.Rf1g1 g6
27.Rg1g3 Bh3e6
28.Ra1a5 Ra8d8
29.Ra5h5 { resign }
1-0

[Event "Tourn. n9920"]
[Site "www.echecsemail.com"]
[Date "2018.09.17"]
[Round "1"]
[White "Hansen"]
[Black "Picifarkinca"]
[WhiteElo "1570"]
[BlackElo "1450"]
[Result "0-1"]
[Round "1"]
1.e4 c5
2.c3 d5
3.e5 d4
4.c4 Nb8c6
5.f4 Bc8f5
6.d3 h5
7.Qd1f3 Qd8d7
8.h3 O-O-O
9.g4 hxg4
10.Qf3g2 gxh3
11.Qg2c2 Ng8h6
12.Ng1f3 f6
13.b3 Bf5g4
14.Nf3h4 Nh6f5
15.Nh4g6 Rh8h6
16.Ng6xf8 Rd8xf8
17.a3 Rf8h8
18.Rh1g1 Nf5e3
19.Bc1xe3 dxe3
20.Nb1c3 h2
21.Rg1h1 Nc6d4
22.Qc2b2 Nd4f3
23.Ke2 Qd7d4
24.Bf1g2 Nf3h4
25.Ke1 Nh4f3
26.Bg2xf3 Bg4xf3
27.Rh1f1 h1Q
{ resign }
0-1

[Event "Tourn. n9914"]
[Site "www.echecsemail.com"]
[Date "2018.09.17"]
[Round "1"]
[White "Hundegana"]
[Black "Joskomol"]
[WhiteElo "2060"]
[BlackElo "2240"]
[Result "1-0"]
[Round "1"]
1.e4 e5
2.Ng1f3 Nb8c6
3.c3 d5
4.exd5 Qd8xd5
5.b3 Bf8c5
6.Bf1c4 Qd5e4
7.Bc4e2 Ng8f6
8.d3 Qe4f5
9.O-O Bc5e7
10.Nf3h4 Qf5d7
11.Bc1e3 a6
12.Nb1d2 Nc6a5
13.Nd2c4 Na5c6
14.a4  { time }
1-0

[Event "Tourn. n9925"]
[Site "www.echecsemail.com"]
[Date "2018.09.17"]
[Round "1"]
[White "J1j6"]
[Black "Osopanda"]
[WhiteElo "1840"]
[BlackElo "1890"]
[Result "1-0"]
[Round "1"]
1.e4 e5
2.Ng1f3 Nb8c6
3.Bf1c4 Ng8f6
4.Nf3g5 d5
5.exd5 Nc6a5
6.Bc4b5 c6
7.dxc6 bxc6
8.Bb5a4 Bc8d7
9.b4 Na5c4
10.Ba4b3 Nc4d6
11.Bc1b2 Bf8e7
12.Bb2xe5 O-O
13.O-O h6
14.Ng5f3 Bd7e6
15.Bb3xe6 fxe6
16.Nb1c3 Nf6d5
{ time. }
1-0

[Event "Tourn. n9897"]
[Site "www.echecsemail.com"]
[Date "2018.09.17"]
[Round "1"]
[White "Fantomas"]
[Black "Johnmcbride"]
[WhiteElo "2060"]
[BlackElo "2040"]
[Result "1-0"]
[Round "1"]
1.e4 e5
2.Ng1f3 Nb8c6
3.Bf1b5 Ng8f6
4.Nb1c3 Bf8d6
5.d3 a6
6.Bb5a4 b5
7.Ba4b3 b4
8.Nc3d5 h6
9.O-O O-O
10.Nd5e3 a5
11.c3 Bc8a6
12.Rf1e1 Ra8c8
13.Ne3f5 bxc3
14.bxc3 Qd8e8
15.Nf5xd6 cxd6
16.Bc1a3 Qe8e7
17.Nf3h4 g6
18.Nh4xg6 Qe7d8
19.Ng6xf8 Qd8xf8
20.Qd1f3 Qf8e7
21.Qf3g3 Kh8
22.Re1e3 Ba6b5
23.Qg3h3 Nf6g8
24.Re3f3 Nc6d8
25.d4 exd4
26.cxd4 Qe7xe4
27.Ba3xd6 Qe4xd4
28.Ra1d1 Qd4g7
29.Rf3e3 a4
30.Bb3d5 f6
31.Re3e8 Nd8f7
32.Re8xc8 Bb5a6
33.Rc8a8 Ba6b5
34.Bd6f8 Qg7g6
35.Bd5xf7 Qg6xf7
36.Bf8xh6 Bb5e2
37.Rd1xd7 { resign }
1-0

[Event "Match"]
[Site "www.echecsemail.com"]
[Date "2018.09.17"]
[Round "1"]
[White "Jovaras"]
[Black "Chapi"]
[WhiteElo "2210"]
[BlackElo "2120"]
[Result "0-1"]
[Round "1"]
1.e4 c5
2.Ng1f3 Nb8c6
3.Bf1b5 d6
4.O-O Bc8d7
5.c3 g6
6.d4 cxd4
7.cxd4 Bf8g7
8.Nb1c3 Ng8f6
9.Rf1e1 O-O
10.Bc1e3 a6
11.Bb5a4 b5
12.Ba4c2 Nc6b4
13.Bc2b1 Ra8c8
14.a3 Nb4c6
15.Bb1d3 Nf6g4
16.h3 Ng4xe3
17.fxe3 e6
18.Ra1c1 Rc8c7
19.d5 Nc6e5
20.Bd3b1 Qd8b8
21.Nf3g5 Bg7h6
22.dxe6 fxe6
23.h4 Qb8d8
24.Qd1xd6 Ne5c4
25.Rc1d1 Nc4xd6
{ resign }
0-1

[Event "Tourn. n9929"]
[Site "www.echecsemail.com"]
[Date "2018.09.17"]
[Round "1"]
[White "Pdebonis"]
[Black "Joskomol"]
[WhiteElo "2700"]
[BlackElo "2290"]
[Result "1-0"]
[Round "1"]
1.d4 Ng8f6
2.Bc1g5 Nf6e4
3.Bg5f4 d5
4.e3 c5
5.Bf1d3 Ne4f6
6.Ng1f3 e6
7.O-O  { time }
1-0

[Event "Tourn. n9904"]
[Site "www.echecsemail.com"]
[Date "2018.09.17"]
[Round "1"]
[White "Cybervincy"]
[Black "Andychesston"]
[WhiteElo "1929"]
[BlackElo "2070"]
[Result "0-1"]
[Round "1"]
1.d4 d5
2.c4 Ng8f6
3.cxd5 Bc8f5
4.Nb1c3 Nf6xd5
5.f3 Nd5xc3
6.bxc3 c6
7.e4 Bf5g6
8.Bf1c4 b5
9.Bc4b3 a5
10.a4 Qd8b6
11.Ng1e2 Nb8d7
12.O-O e6
13.Kh1 Bf8e7
14.e5 Ra8d8
15.f4 Bg6e4
16.Ne2g3 Be4d5
17.Bb3c2 f5
18.exf6 Nd7xf6
19.Rf1e1 O-O
20.f5 c5
21.fxe6 Qb6c6
22.Qd1e2 cxd4
23.axb5 Qc6xc3
24.Bc1b2 Qc3c4
 { time }
0-1

[Event "Tourn. n9894"]
[Site "www.echecsemail.com"]
[Date "2018.09.17"]
[Round "1"]
[White "Pariolinius"]
[Black "Falcoale"]
[WhiteElo "1750"]
[BlackElo "1880"]
[Result "1-0"]
[Round "1"]
1.c4 Ng8f6
2.Nb1c3 e6
3.g3 c6
4.Bf1g2 g6
5.Ng1f3 Bf8g7
6.d3 O-O
7.O-O d5
8.b3 Nb8d7
9.Bc1b2 Nd7b6
10.Bb2a3 Rf8e8
11.c5 Nb6d7
12.d4 b6
13.b4 bxc5
14.bxc5 Bc8a6
15.Rf1e1 Qd8c7
16.Qd1a4 Ba6c4
17.Ra1b1 Nf6e4
18.Nc3xe4 Bc4b5
19.Qa4b3 Ra8b8
20.Ne4d6 Re8d8
21.Nd6xb5 Rb8xb5
22.Qb3d3 Rd8b8
23.Rb1xb5 e5
24.Rb5xb8 Qc7xb8
25.Qd3c2 e4
26.Re1b1 Qb8e8
27.Nf3d2 Bg7xd4
28.e3 Bd4g7
29.Rb1b7 a5
30.Bg2h3 Nd7e5
31.Bh3f1 Qe8e6
32.Rb7b8 Bg7f8
33.Ba3b2 Ne5d7
34.Rb8a8 { resign }
1-0

[Event "Match"]
[Site "www.echecsemail.com"]
[Date "2018.09.17"]
[Round "1"]
[White "Mitja"]
[Black "J1j6"]
[WhiteElo "1950"]
[BlackElo "1840"]
[Result "1-0"]
[Round "1"]
1.d4 c6
2.e3 g6
3.c3 Bf8g7
4.h3 e5
5.dxe5 Bg7xe5
6.Ng1f3 Be5g7
7.Bf1e2 d5
8.b3 Bc8f5
9.Bc1b2 Ng8e7
10.Nb1a3 Qd8a5
11.O-O Bg7xc3
12.Bb2xc3 Qa5xc3
13.Ra1c1 Qc3b2
14.Qd1d4 Qb2xd4
15.Nf3xd4 O-O
16.Nd4xf5 Ne7xf5
17.Na3c2 Nb8d7
18.Be2g4 Nd7e5
19.Bg4xf5 gxf5
20.Nc2d4 f4
21.exf4 Ne5d3
22.Rc1d1 Nd3xf4
23.Nd4f3 Ra8e8
24.Rd1e1 Re8xe1
25.Rf1xe1 Kh8
26.Kh2 Rf8g8
27.g3 Nf4d3
28.Re1e2 Rg8b8
29.Kg2 Rb8g8
30.Re2e7 b5
31.Re7xa7 f6
32.Ra7f7 Rg8g6
33.Nf3h4 Kg8
34.Rf7c7 Rg6g7
35.Rc7xc6 h5
36.Rc6xf6 Nd3b4
37.Rf6b6 Nb4xa2
38.Rb6xb5 Na2c3
39.Rb5b8 Kh7
40.b4 Rg7d7
41.b5 d4
42.Nh4f3 d3
43.Nf3d2 Nc3d5
44.b6 Kg6
45.b7 Nd5e7
46.Rb8g8 Ne7xg8
47.b8Q Ng8f6
48.f4 Nf6d5
49.Qb8e8 Rd7f7
50.f5 Kf6
51.Qe8e6 Kg7
52.Qe6xd5 Rf7a7
53.Qd5d4 Kh6
54.Qd4xa7 Kg5
55.Qa7e3 Kxf5
56.Qe3xd3 Kf6
57.Qd3e4 h4
58.gxh4 { resign }
1-0

[Event "Match"]
[Site "www.echecsemail.com"]
[Date "2018.09.17"]
[Round "1"]
[White "Krystek23"]
[Black "Apdash"]
[WhiteElo "2530"]
[BlackElo "2100"]
[Result "1-0"]
[Round "1"]
1.c4 e5
2.Nb1c3 Ng8f6
3.Ng1f3 Nb8c6
4.e3 d5
5.cxd5 Nf6xd5
6.Bf1b5 Bc8g4
7.Qd1a4 Nd5xc3
8.Bb5xc6 bxc6
9.Qa4xc6 Bg4d7
10.Qc6xc3 f6
11.d4 Ra8b8
12.O-O Bf8b4
13.Qc3c2 exd4
14.Nf3xd4 O-O
15.b3 c5
16.Nd4e2 Bd7b5
17.Rf1d1 Qd8e7
18.Ne2f4 Rb8d8
19.Bc1b2 Bb4a5
20.Nf4d5 Qe7d6
21.Nd5xf6 Qd6xf6
22.Bb2xf6 Rd8xd1
23.Ra1xd1 Rf8xf6
24.Qc2xc5 Bb5e2
25.Rd1d7 Ba5e1
26.Qc5d5 Kf8
27.Qd5a8 { resign }
1-0

[Event "Tourn. n9877"]
[Site "www.echecsemail.com"]
[Date "2018.09.17"]
[Round "1"]
[White "Joskomol"]
[Black "Scasan55"]
[WhiteElo "1809"]
[BlackElo "1870"]
[Result "0-1"]
[Round "1"]
1.e4 c5
2.Nb1c3 d6
3.Ng1f3 Nb8c6
4.Bf1c4 e6
5.h3 a6
6.Bc4e2 Bf8e7
7.d4 cxd4
8.Nf3xd4 Ng8f6
9.Bc1e3 Qd8c7
10.Qd1d3 b5
11.Nd4xc6 Qc7xc6
12.O-O O-O
13.e5 dxe5
14.Be2f3 e4
15.Bf3xe4 Nf6d5
16.Nc3xd5 exd5
17.Be4xd5 Qc6g6
18.Qd3xg6 hxg6
19.Bd5xa8 Bc8xh3
20.Ba8d5 Bh3f5
21.c3 g5
22.Ra1e1 Bf5d3
23.Bd5b7 Bd3xf1
24.Kxf1 g6
25.Be3d4 Be7d6
26.Bb7xa6 b4
27.c4 Rf8a8
28.Re1e4 Ra8xa6
29.Re4e8 Bd6f8
30.Re8e5 Ra6xa2
31.Re5e8 Ra2a1
 { time }
0-1

[Event "Tourn. n9907"]
[Site "www.echecsemail.com"]
[Date "2018.09.17"]
[Round "1"]
[White "Fabos12"]
[Black "Apdash"]
[WhiteElo "1960"]
[BlackElo "2040"]
[Result "0-1"]
[Round "1"]
1.Ng1f3 d5
2.d4 Nb8c6
3.Bc1f4 Ng8f6
4.h3 Nf6e4
5.Nb1d2 Bc8f5
6.Nd2xe4 dxe4
7.Nf3h4 e6
8.Nh4xf5 exf5
9.e3 Bf8d6
10.Bf4xd6 cxd6
11.Bf1b5 Qd8a5
12.c3 Qa5xb5
13.d5 Nc6e5
14.Qd1d2 Ne5d3
15.Kd1 Nd3xb2
16.Kc2 Nb2d3
17.Rh1b1 Qb5xd5
18.a4 O-O
19.Rb1b5 Qd5c6
20.Rb5xf5 Ra8c8
21.Ra1a3 g6
22.Rf5b5 a6
23.Rb5b3 Rc8c7
24.f3 d5
25.a5 Nd3e5
26.Rb3b6 Qc6c5
27.Rb6b3 Ne5c4
28.Qd2c1 Nc4xa3
{ resign }
0-1

[Event "Match"]
[Site "www.echecsemail.com"]
[Date "2018.09.17"]
[Round "1"]
[White "Numanoid"]
[Black "Joskomol"]
[WhiteElo "2550"]
[BlackElo "2240"]
[Result "1-0"]
[Round "1"]
1.e4 e5
2.Ng1f3 Nb8c6
3.d4 exd4
4.Nf3xd4 Ng8f6
5.Nd4xc6 bxc6
6.e5 Qd8e7
7.Qd1e2 Nf6d5
8.h4 Qe7c5
9.Rh1h3 Bf8e7
10.Rh3g3 d6
11.Nb1c3 Nd5xc3
12.Rg3xc3 Qc5d5
13.exd6  { time }
1-0

[Event "Tourn. n9791"]
[Site "www.chess-mail.com"]
[Date "2018.09.18"]
[Round "1"]
[White "Libiesse"]
[Black "Falcoale"]
[WhiteElo "1880"]
[BlackElo "1920"]
[Result "0-1"]
[Round "1"]
1.Ng1f3 f5
2.d4 Ng8f6
3.c4 b6
4.Bc1g5 d6
5.Nb1c3 Nb8d7
6.Qd1c2 e6
7.Qc2a4 Bf8e7
8.e3 O-O
9.Bf1e2 a6
10.O-O Bc8b7
11.Rf1d1 h6
12.Bg5xf6 Nd7xf6
13.Ra1c1 Nf6e4
14.h3 Ne4g5
15.d5 Ng5xf3
16.Be2xf3 e5
17.e4 Bb7c8
18.Qa4c2 f4
19.b3 Bc8d7
20.Qc2e2 Ra8b8
21.Rd1d2 Be7g5
22.Rd2c2 Bd7c8
23.Bf3g4 Bc8xg4
24.hxg4 Rf8f7
25.f3 Bg5h4
26.c5 bxc5
27.Qe2xa6 Bh4g3
28.Kf1 Qd8h4
29.Ke2 Bg3f2
30.Rc1f1 Bf2e3
31.Kd3 Rb8b4
32.Rc2e2 Qh4d8
33.Nc3d1 Be3d4
34.Nd1b2 Bd4e3
35.Nb2c4 Rf7f8
36.Qa6a3 Be3d4
37.Qa3c1 Qd8b8
38.Rf1h1 Qb8a7
39.Rh1h5 Qa7a6
40.g5 Rf8b8
41.gxh6 gxh6
42.Re2c2 Kh7
43.Ke2 Rb8g8
44.Qc1h1 Rg8g6
45.Qh1h4 Qa6c8
46.Qh4e7 Rg6g7
47.Qe7f6 Rg7g6
48.Qf6f7 Rg6g7
49.Qf7f5 Qc8xf5
50.exf5 Rb4b8
51.Rc2c1 Rg7xg2
52.Kd3 Rg2xa2
53.Rc1c2 Rb8xb3
54.Kd2 Ra2xc2
55.Kxc2 Rb3c3
{ resign }
0-1

[Event "Match"]
[Site "www.echecsemail.com"]
[Date "2018.09.18"]
[Round "1"]
[White "Pinehill"]
[Black "Alessiov"]
[WhiteElo "2080"]
[BlackElo "2260"]
[Result "0-1"]
[Round "1"]
1.e4 e5
2.Ng1f3 Nb8c6
3.Bf1b5 a6
4.Bb5xc6 dxc6
5.O-O Bc8g4
6.d3 Qd8f6
7.Nb1d2 Ng8e7
8.Rf1e1 Ne7g6
9.h3 h5
10.Nd2f1 Bg4xf3
11.Qd1xf3 Qf6xf3
12.gxf3 Bf8e7
13.Nf1g3 Ng6h4
14.Re1e2 Nh4xf3
15.Kh1 Nf3d4
16.Bc1e3 Nd4xe2
17.Ng3xe2 Kd7
18.f4 exf4
19.Ne2xf4 g5
20.Nf4e2 g4
21.Ne2g3 gxh3
22.Ng3f5 Rh8g8
23.Ra1g1 Rg8xg1
24.Be3xg1 Ra8g8
25.Kh2 Rg8g2
26.Kh1 Rg2xc2
27.Bg1d4 Be7g5
28.a4 Bg5f4
29.Nf5h4 Rc2c1
30.Bd4g1 h2
{ resign }
0-1

[Event "Match"]
[Site "www.echecsemail.com"]
[Date "2018.09.18"]
[Round "1"]
[White "Jaguar91"]
[Black "Alessiov"]
[WhiteElo "2190"]
[BlackElo "2290"]
[Result "0-1"]
[Round "1"]
1.e4 e5
2.f4 exf4
3.Ng1f3 d6
4.Bf1c4 h6
5.Nb1c3 g5
6.d4 Bf8g7
7.Qd1d3 Nb8c6
8.a3 g4
9.Bc1xf4 gxf3
10.Qd3xf3 Nc6xd4
11.Qf3f2 Bc8e6
12.Bc4xe6 Nd4xe6
13.Bf4e3 Qd8f6
14.Qf2e2 a6
15.Nc3d5 Qf6g6
16.Qe2c4 c6
17.Nd5b4 Bg7xb2
18.Ra1b1 Qg6xg2
19.Rh1g1 Qg2h3
20.Be3f2 Bb2c3
21.Ke2 Ne6f4
22.Kd1 Qh3f3
{ resign }
0-1

[Event "Tourn. n9917"]
[Site "www.echecsemail.com"]
[Date "2018.09.18"]
[Round "1"]
[White "Joskomol"]
[Black "Ejner"]
[WhiteElo "2240"]
[BlackElo "2430"]
[Result "0-1"]
[Round "1"]
1.e4 Nb8c6
2.d4 d5
3.e5 Bc8f5
4.Ng1f3 e6
5.Nb1c3 h6
6.Bf1e2 Nc6b4
7.Be2b5 c6
8.Bb5a4 Ng8e7
9.Qd1e2 Qd8d7
10.Bc1e3 Ne7c8
11.Be3f4 Nc8b6
12.Ba4b3 c5
13.dxc5 Bf8xc5
 { time }
0-1

[Event "Match"]
[Site "www.echecsemail.com"]
[Date "2018.09.18"]
[Round "1"]
[White "Calponas"]
[Black "J1j6"]
[WhiteElo "2080"]
[BlackElo "1890"]
[Result "1-0"]
[Round "1"]
1.e4 g6
2.d4 Bf8g7
3.Ng1f3 e6
4.Bf1e2 b6
5.Nb1c3 Bc8b7
6.Bc1f4 Ng8e7
7.Qd1d2 Nb8c6
8.O-O-O d5
9.e5 Ne7f5
10.g4 Nf5e7
11.h4 h5
12.gxh5 gxh5
13.Rh1g1 Rh8g8
14.Nf3g5 Bg7h6
15.Ng5xe6 Bh6xf4
16.Ne6xf4 Rg8xg1
17.Rd1xg1 Qd8d7
18.Nf4xh5 O-O-O
19.Nh5f6 Qd7e6
20.Be2g4 Ne7f5
21.Qd2f4 Nc6xd4
22.Rg1d1 c5
23.Rd1xd4 Qe6c6
24.Bg4xf5 Kb8
25.e6 Rd8d6
26.Rd4xd5 { resign }
1-0

[Event "Tourn. n9857"]
[Site "www.echecsemail.com"]
[Date "2018.09.18"]
[Round "1"]
[White "Falcoale"]
[Black "Cristiano"]
[WhiteElo "1880"]
[BlackElo "1920"]
[Result "0-1"]
[Round "1"]
1.e4 c5
2.Ng1f3 d6
3.b3 Ng8f6
4.d3 e6
5.Bc1b2 Bf8e7
6.Nb1d2 Nb8c6
7.Bf1e2 O-O
8.O-O e5
9.h3 Nc6d4
10.Nf3xd4 cxd4
11.f4 b6
12.fxe5 dxe5
13.Nd2c4 Qd8c7
14.Ra1c1 b5
15.Nc4d2 Qc7b6
16.Nd2f3 Be7d6
17.Kh1 Nf6h5
18.Kh2 Nh5f4
19.Nf3g1 Qb6d8
20.Be2g4 Qd8g5
21.Qd1f3 Nf4g6
22.Rc1e1 Ng6h4
23.Qf3g3 Bc8xg4
24.hxg4 Ra8c8
25.Ng1h3 Qg5e7
26.Bb2c1 Nh4g6
27.Re1e2 Qe7h4
28.Qg3f3 Qh4e7
29.Qf3f2 Qe7e6
30.Qf2g3 Bd6e7
31.Nh3g5 Be7xg5
32.Bc1xg5 f6
33.Bg5c1 b4
34.Re2f2 Rc8c7
35.a3 a5
36.a4 Rc7f7
37.Rf2f5 Rf8c8
38.g5 Rc8f8
39.Bc1d2 Qe6c6
40.Rf5f2 Qc6e6
41.gxf6 Rf7xf6
42.Rf2f3 Rf6xf3
43.Rf1xf3 Rf8xf3
44.gxf3 Qe6c8
45.Qg3g5 Qc8e8
46.Qg5g4 Qe8c6
47.Kg3 h6
48.Bd2e1 Kh7
49.Be1d2 Qc6xc2
50.Bd2e1 Qc2xd3
51.Qg4e6 Qd3e3
52.Be1f2 Qe3f4
53.Kg2 d3
54.Qe6d5 d2
55.Qd5d3 Qf4g5
56.Kf1 Qg5g2
57.Kxg2 Ng6f4
58.Kf1 Nf4xd3
59.Ke2 Nd3xf2
60.Kxd2 h5
61.Ke2 Nf2h3
62.Kf1 Nh3f4
63.Kf2 h4
64.Kg1 g5
{ resign }
0-1

[Event "Tourn. n9871"]
[Site "www.echecsemail.com"]
[Date "2018.09.18"]
[Round "1"]
[White "J1j6"]
[Black "Fabos12"]
[WhiteElo "2179"]
[BlackElo "2000"]
[Result "0-1"]
[Round "1"]
1.d4 e6
2.Nb1c3 Nb8c6
3.Bc1f4 Qd8f6
4.e3 Bf8b4
5.Bf4xc7 Ng8e7
6.Bc7g3 h5
7.Ng1f3 g5
8.Nf3e5 h4
9.Ne5g4 Bb4xc3
10.bxc3 Qf6f5
11.Bf1d3 Qf5a5
12.Ng4f6 Kd8
13.Nf6e4 hxg3
14.fxg3 Ne7d5
15.Qd1d2 Qa5c7
16.c4 Nd5b4
17.O-O Nb4xd3
18.cxd3 f5
19.Ne4xg5 Ke7
20.d5 Nc6e5
21.Qd2b4 Kf6
22.h4 Ne5xd3
23.Qb4c3 Nd3e5
24.e4 d6
25.exf5 exd5
26.Ng5e6 Bc8xe6
27.fxe6 Ke7
28.Ra1e1 Rh8f8
29.Rf1xf8 Ra8xf8
30.Qc3e3 Qc7b6
31.cxd5 Rf8f5
32.Kh2 Qb6xe3
33.Re1xe3 Ne5g4
34.Kh3 Ng4xe3
35.g4 Rf5xd5
36.g5 Rd5d3
37.g6 Ne3f5
38.Kg4 Kxe6
39.h5 Rd3g3
{ resign }
0-1

[Event "Match"]
[Site "www.echecsemail.com"]
[Date "2018.09.18"]
[Round "1"]
[White "Rons"]
[Black "Joskomol"]
[WhiteElo "2650"]
[BlackElo "2290"]
[Result "1-0"]
[Round "1"]
1.e4 e6
2.d4 d5
3.Nb1c3 Bf8b4
4.e5 Ng8e7
5.a3 Bb4xc3
6.bxc3 Ne7f5
7.Ng1f3 f6
8.g4 Nf5h6
9.exf6 gxf6
10.Bc1xh6 Bc8d7
11.Ra1b1 Rh8g8
12.Rb1xb7  { time }
1-0

[Event "Match"]
[Site "www.echecsemail.com"]
[Date "2018.09.18"]
[Round "1"]
[White "Jesmantiz"]
[Black "Alekpax"]
[WhiteElo "2190"]
[BlackElo "2390"]
[Result "0-1"]
[Round "1"]
1.d4 Ng8f6
2.e3 b6
3.Bf1d3 Bc8b7
4.f3 d5
5.Ng1h3 e6
6.O-O c5
7.c3 Nb8c6
8.f4 Bf8d6
9.Nb1d2 O-O
10.Nh3f2 Nc6e7
11.Nd2f3 Qd8c7
12.Nf3e5 Ne7f5
13.g4 Nf5h4
14.g5 Nf6e4
15.Nf2g4 f6
16.gxf6 gxf6
17.Ne5f3 Nh4f5
18.Qd1e1 Kh8
19.Kh1 Rf8g8
20.Rf1g1 Rg8g7
21.Nf3h4 Ra8g8
22.Bd3e2 Nf5h6
23.h3 f5
24.Ng4xh6 Rg7xg1
25.Qe1xg1 Rg8xg1
26.Kxg1 Qc7g7
27.Nh6g4 fxg4
28.hxg4 Qg7h6
29.Nh4g2 Qh6h3
30.Be2d3 Ne4g3
31.b3 c4
32.Bd3c2 Qh3xg4
33.b4 Qg4f3
34.Bc1d2 Ng3e2
{ resign }
0-1

[Event "Tourn. n9939"]
[Site "www.echecsemail.com"]
[Date "2018.09.18"]
[Round "1"]
[White "Dougbeer"]
[Black "Cathar"]
[WhiteElo "2250"]
[BlackElo "2280"]
[Result "1-0"]
[Round "1"]
1.e4 e5
2.Bf1c4 Ng8f6
3.d4 exd4
4.Ng1f3 Nb8c6
5.e5 Nf6g4
6.O-O Bf8e7
7.Rf1e1 d6
8.exd6 cxd6
9.Bc1g5 Ng4e5
10.Bg5xe7 Qd8xe7
11.Nb1a3 O-O
12.Nf3xd4 Qe7f6
13.c3 Ne5xc4
14.Na3xc4 Nc6xd4
15.Qd1xd4 Qf6xd4
16.cxd4 d5
17.Nc4d6 Bc8e6
18.Ra1c1 { resign }
1-0

[Event "Tourn. n9918"]
[Site "www.echecsemail.com"]
[Date "2018.09.18"]
[Round "1"]
[White "Picifarkinca"]
[Black "Minorsana"]
[WhiteElo "1450"]
[BlackElo "1459"]
[Result "0-1"]
[Round "1"]
1.e4 e5
2.Ng1f3 Nb8c6
3.Bf1e2 Ng8f6
4.d3 d5
5.Nb1d2 Bf8c5
6.O-O O-O
7.c3 a5
8.exd5 Nf6xd5
9.Nd2e4 Bc5b6
10.a3 h6
11.c4 Nd5f6
12.Ne4xf6 Qd8xf6
13.Ra1b1 Rf8d8
14.Qd1c2 Bb6c5
15.Bc1e3 Bc5e7
16.Rf1d1 a4
17.Qc2c3 Bc8g4
18.Rd1d2 Qf6g6
19.Rb1d1 f5
20.Nf3xe5 Nc6xe5
21.Qc3xe5 Be7d6
22.Qe5c3 Bg4xe2
{ resign }
0-1

[Event "Match"]
[Site "www.echecsemail.com"]
[Date "2018.09.18"]
[Round "1"]
[White "Deneb"]
[Black "J1j6"]
[WhiteElo "1980"]
[BlackElo "1840"]
[Result "1-0"]
[Round "1"]
1.e4 e5
2.Ng1f3 Nb8c6
3.Bf1b5 Bf8c5
4.c3 d5
5.Nf3xe5 Bc5xf2
6.Kxf2 Qd8h4
7.Kg1 Bc8d7
8.Ne5xd7 Kxd7
9.exd5 Ra8e8
10.dxc6 bxc6
11.Bb5e2 f5
12.d4 Ng8f6
13.Nb1d2 Re8e6
14.Nd2f3 Qh4e4
15.Nf3e5 Ke8
16.Be2f3 Qe4h4
17.g3 Qh4h3
18.Bf3g2 Qh3h5
19.Qd1xh5 Nf6xh5
20.Bg2xc6 Ke7
21.Bc1g5 Kf8
22.Ra1e1 Re6d6
23.Ne5d7 Kf7
24.Re1e7 Kg6
25.Bg5c1 Rd6xc6
26.Nd7e5 Kf6
27.Ne5xc6 { resign }
1-0

[Event "Tourn. n9885"]
[Site "www.echecsemail.com"]
[Date "2018.09.18"]
[Round "1"]
[White "Louis"]
[Black "Alekpax"]
[WhiteElo "2050"]
[BlackElo "2340"]
[Result "0-1"]
[Round "1"]
1.c3 e5
2.d4 e4
3.Bc1f4 Ng8f6
4.e3 Nb8c6
5.d5 Nc6e7
6.c4 Ne7g6
7.Bf4g3 Bf8b4
8.Nb1d2 O-O
9.a3 Bb4xd2
10.Qd1xd2 d6
11.Ng1e2 Bc8g4
12.Ne2d4 Rf8e8
13.h3 Bg4h5
14.b4 Nf6d7
15.Bf1e2 Bh5xe2
16.Qd2xe2 Ng6e5
17.O-O a5
18.Bg3xe5 Nd7xe5
19.Qe2c2 Ne5d3
20.Qc2c3 Nd3e5
21.Rf1b1 a4
22.Nd4b5 g5
23.Qc3c2 g4
24.Nb5d4 gxh3
25.Qc2xe4 Qd8g5
26.g3 Ne5xc4
27.Qe4f5 Qg5xf5
28.Nd4xf5 Re8e5
29.Rb1c1 h2
30.Kxh2 Re5xf5
31.Rc1xc4 Rf5xf2
32.Kg1 Rf2f3
33.Ra1f1 Rf3xe3
34.Rc4xc7 Ra8f8
35.Kh2 b5
36.Rc7b7 Re3xa3
37.Rb7xb5 f5
38.Rb5a5 Kg7
39.b5 Kf6
{ resign }
0-1

[Event "Match"]
[Site "www.echecsemail.com"]
[Date "2018.09.18"]
[Round "1"]
[White "J1j6"]
[Black "Estonia"]
[WhiteElo "2020"]
[BlackElo "2030"]
[Result "0-1"]
[Round "1"]
1.c4 e5
2.Nb1c3 Ng8f6
3.e4 Bf8c5
4.f3 Nb8c6
5.Ng1e2 d6
6.Nc3d5 Nf6xd5
7.cxd5 Nc6e7
8.Ne2c3 Bc8d7
9.Qd1b3 Qd8c8
10.Bf1b5 O-O
11.Bb5xd7 Qc8xd7
12.Qb3xb7 Rf8b8
13.Qb7a6 f5
14.Nc3a4 fxe4
15.Na4xc5 dxc5
16.fxe4 Rb8b6
17.Qa6c4 Rb6b4
18.Qc4d3 Rb4d4
19.Qd3f3 Ra8f8
20.Qf3e3 Qd7g4
21.b3 Rd4xe4
{ resign }
0-1

[Event "Tourn. n9933"]
[Site "www.echecsemail.com"]
[Date "2018.09.18"]
[Round "1"]
[White "J1j6"]
[Black "Fantomas"]
[WhiteElo "2010"]
[BlackElo "2090"]
[Result "0-1"]
[Round "1"]
1.d4 d5
2.c4 e6
3.Nb1c3 Ng8f6
4.Bc1f4 Bf8d6
5.Bf4xd6 Qd8xd6
6.c5 Qd6e7
7.Ng1f3 O-O
8.e3 c6
9.Bf1d3 Nb8d7
10.Qd1c2 h6
11.O-O-O b6
12.cxb6 axb6
13.a3 c5
14.dxc5 bxc5
15.h3 c4
16.Bd3e2 Nd7c5
17.Nf3d4 Bc8d7
18.g4 Nf6e4
19.Nc3xe4 Nc5xe4
20.f3 Ne4g3
21.Rh1g1 Bd7a4
22.Qc2c3 Ng3xe2
23.Nd4xe2 Ba4xd1
24.Rg1xd1 Rf8b8
25.Ne2d4 Ra8a6
26.e4 Qe7g5
27.Qc3d2 Qg5xd2
28.Rd1xd2 e5
29.Nd4f5 d4
30.h4 Rb8b3
31.g5 hxg5
32.hxg5 Rb3xf3
33.Nf5e7 Kf8
34.Ne7f5 g6
35.Nf5xd4 exd4
36.Rd2xd4 c3
37.bxc3 Rf3xc3
38.Kb2 Rc3xa3
39.e5 Ra3a5
{ resign }
0-1

[Event "Match"]
[Site "www.echecsemail.com"]
[Date "2018.09.18"]
[Round "1"]
[White "J1j6"]
[Black "Emmanuel69"]
[WhiteElo "1940"]
[BlackElo "1880"]
[Result "0-1"]
[Round "1"]
1.Ng1f3 d5
2.d4 Ng8f6
3.Nb1c3 e6
4.Bc1f4 Nb8c6
5.h3 a6
6.e3 Bf8e7
7.Bf1d3 O-O
8.e4 dxe4
9.Nc3xe4 Nf6xe4
10.Bd3xe4 Bc8d7
11.Nf3e5 Be7f6
12.Qd1h5 g6
13.Qh5g4 Nc6xe5
14.dxe5 Bf6g7
15.Be4xb7 Ra8b8
16.Bb7xa6 Rb8xb2
17.Ba6d3 Bd7b5
18.Bf4c1 Bb5xd3
19.Bc1xb2 Bd3xc2
20.O-O Qd8b8
21.Bb2d4 Rf8d8
22.a3 Bc2f5
23.Qg4d1 Bg7xe5
24.Ra1b1 Bf5xb1
25.Qd1xb1 Be5xd4
26.Qb1a2 Qb8a7
27.Kh2 Rd8a8
28.Qa2d2 Kg7
29.Rf1d1 Bd4xf2
30.Qd2c3 f6
31.Rd1d7 Kh6
32.Qc3xf6 Qa7e3
33.Qf6g7 Kg5
34.Qg7e7 Kf5
35.Qe7f7 Ke5
36.Qf7g7 Ke4
37.Rd7e7 Bf2g3
{ resign }
0-1